Urgencias en el paciente hospitalizado. (Registro nro. 2227)

Detalles MARC
000 -LEADER
fixed length control field 01268nam a2200337 a 4500
005 - FECHA ULTIMA MODIFICACION
control field 20240412114637.0
008 - CAMPO DE CONTROL (LIBRO)
fixed length control field 100804t2015||||sp a f 01 s sp spa d
020 ## - INTERNATIONAL STANDARD BOOK NUMBER
ISBN 9788498358124
041 ## - CODIGO DE IDIOMA
Código de idioma del texto/pista de sonido o título separado spa
092 ## - SIGNATURA TOPOGRAFICA DEWEY LOCAL
número de clasificación 616.025
libristica 53
sección MOY
100 1# - ENTRADA PRINCIPAL--NOMBRE PERSONAL
Nombre personal Moya Mir, Manuel S.
9 (RLIN) 929
Función Coord.
245 ## - TITULO PROPIAMENTE DICHO
Título Urgencias en el paciente hospitalizado.
Subtítulo y Título paralelo Guía de actuación /
Mención de responsabilidad y remanente de la transcripción de la portada Manuel S. Moya Mir.
250 ## - MENCION DE EDICION
Mención de edición 1a ed.
260 ## - PIE DE IMPRENTA
Lugar de publicación, distribución, etc Madrid:
Nombre de la editorial, distribuidor, etc Editorial Médica Panamericana;
Fecha de publicación 2015.
300 ## - DESCRIPCION FISICA
Extension 579 p.
500 ## - NOTA GENERAL
Nota general Moya Mir, M. S. y Laguna del Estal, P. (Coords.). (2015). Urgencias en el paciente hospitalizado. Guía de actuación. (1a ed.). Madrid : Editorial Médica Panamericana.
653 ## - TÉRMINO INDIZADO - PALABRAS CLAVES
Palabra clave Urgencias en infecciones
653 ## - TÉRMINO INDIZADO - PALABRAS CLAVES
Palabra clave Urgencias cardiovasculares
653 ## - TÉRMINO INDIZADO - PALABRAS CLAVES
Palabra clave Urgencias respiratorias
653 ## - TÉRMINO INDIZADO - PALABRAS CLAVES
Palabra clave Urgencias nefrourológicas y del medio interno
653 ## - TÉRMINO INDIZADO - PALABRAS CLAVES
Palabra clave Urgencias digestivas
653 ## - TÉRMINO INDIZADO - PALABRAS CLAVES
Palabra clave Urgencias inmunohematológicas
653 ## - TÉRMINO INDIZADO - PALABRAS CLAVES
Palabra clave Urgencias endocrinometabólicas
653 ## - TÉRMINO INDIZADO - PALABRAS CLAVES
Palabra clave Urgencias neurológicas
653 ## - TÉRMINO INDIZADO - PALABRAS CLAVES
Palabra clave Urgencias psiquiátricas
653 ## - TÉRMINO INDIZADO - PALABRAS CLAVES
Palabra clave Urgencias reumatológicas
653 ## - TÉRMINO INDIZADO - PALABRAS CLAVES
Palabra clave Urgencias oncológicas
653 ## - TÉRMINO INDIZADO - PALABRAS CLAVES
Palabra clave Lesiones por agentes físicos
700 1# - ENTRADAS SECUNDARIAS - NOMBRE PERSONAL
Nombre personal Laguna del Estal, Pedro
Función Coord.
9 (RLIN) 3025
942 ## - ADDED ENTRY ELEMENTS (KOHA)
Source of classification or shelving scheme Dewey Decimal Classification
Item type Libros
Existencias
Estado de retiro Existencia Fuente de clasificación Estado general No para prestamo Colección Ubicación permanente ubicación actual Sala de ubicación Fecha de adquisición Fuente de adquisición Costo, precio normal de compra Total Checkouts Número de clasificación Código de barras Date last seen Número de ejemplar Price effective from Koha tipo de elemento (item) Public note Total Renewals Date last borrowed
    Dewey Decimal Classification     Reference Biblioteca Medicina Biblioteca Medicina Referencia 20/10/2015 Compra Promed 3er año, Octubre 2015 714.00   616.025 53 MOY 3608 20/10/2015 Ej.1 20/10/2015 Reference LIBRO DE CONSULTA. Compra Promed 3er año, Octubre 2015    
    Dewey Decimal Classification       Biblioteca Medicina Biblioteca Medicina Circulación 20/10/2015 Compra Promed 3er año, Octubre 2015 714.00 23 616.025 53 MOY 3609 05/06/2025 Ej.2 20/10/2015 Libros Compra Promed 3er año, Octubre 2015 9 30/05/2025

UNIVERSIDAD NACIONAL DEL COMAHUE
Biblioteca de la Facultad de Ciencias Médicas
Sede Toschi: Los Arrayanes y Av. Toschi, Cipolletti  - Rio Negro
Sede Los Tordos:  Yrigoyen al 2211, Cipolletti - Rio Negro 

Teléfono: 0299 - 4774707 int 25
Contacto: biblioteca@facimed.uncoma.edu.ar
© 2011 - 2026